000 00348 a2200121 4500
001 ART_18061
005 20260410161657.0
008 260409a
245 1 0 _aEl denominado impuesto de igualación
100 1 _aOklander, Juan
700 1 _aCortés, Cristobal
773 0 _tPráctica profesional
_g- Nº 132 (dic. 2010)
_wREV542
999 _c14783
_d14783